000 00665nam a2200253Ia 4500
003 OSt
005 20221005130515.0
006 a|||||r|||| 00| 0
007 ta
008 221004b |||||||| |||| 00| 0 per d
024 _a14178
037 _cTextual
040 _aCRL
_cCRL
_bper
041 _2per
_aper
082 _aQ11:21, 164L2
100 _aTarachand Au.
245 0 _aRigveda
260 _c1972
300 _a433+22p.
_ccm.
650 _aVEDAS - RIGVED
700 _a Jalali Sayed Mohammad Raza Tr.
_9638250
942 _hQ11:21, 164L2
_cTEXL
_2cc
999 _c1057483
_d1057483